One Piece Trivia (Wano Arc Included) - Statistics

General Stats
  • This quiz has been taken 89 times
  • The average score is 29 of 35
Answer Stats
Hint Answer % Correct
World's Greatest Swordsman Dracule Mihawk
100%
Former Baroque Works Leader Crocodile
99%
Pacafista with the Paw Paw Fruit Bartholomew Kuma
97%
Pirate Empress of Amazon Lily Boa Hancock
97%
Codename "Joker" and Producer of Smiles Donquixote Doflamingo
97%
Became a Warlord by Delivering 100 Hearts to the Marines Trafalgar D. Water Law
96%
Red Haired Pirate who gave Luffy the Strawhat Red Haired Shanks
93%
Swordsman of the Strawhats who was the first to join Roronoa Zoro
91%
Owns Whole Cake Island Charlotte LinLin
90%
Former Warlord who stole Whitebeards Devil Fruit Marshall D. Teach
90%
Former Warlord who became an Emporer, formerly on Whitebeard's Crew Marshall D. Teach
90%
Helmsman of the Strawhats who was the ninth to join Jinbe
88%
Knight of the Sea who is the 10th Member of the Strawhats Jinbe
88%
Currently Controls Wano Kaido
88%
Navigator of the Strawhats who was the second to join Nami
88%
Cook of the Strawhats who was the fourth to join Vinsmoke Sanji
88%
Musician of the Strawhats who was the eighth to join Brook
87%
User of the Chop Chop Fruit Buggy the Clown
87%
Shipwright of the Strawhats who was the seventh to join Franky
87%
Captain of the Strawhats Monkey D. Luffy
87%
Archeologist of the Strawhats who was the sixth to join Nico Robin
87%
Doctor of the Strawhats who was the fifth to join Tony Tony Chopper
87%
Sniper of the Strawhats who was the third to join Usopp
87%
Fought at Marineford to help Luffy save Ace Edward Newgate
86%
Two Sword Style Using Flames Kin'emon
84%
Not So Artistic Samurai Using a Paintbrush Sword Kanjuro
78%
Feline Mink ruling over Zou during the night Nekomamushi
77%
Son of Edward "Whitebeard" Newgate Edward Weevil
75%
Ninja with Enlarged Head and Body Raizo
74%
Canine Mink ruling over Zou during the day Inuarashi
72%
Brother to Izo, typically wears a Mask while engaged in combat Kikunojo
71%
Disguised under the Alias of Kyoshiro after having his appearance alter from grief Denjiro
70%
Kappa that watched over Hiyori/Komurasaki Kawamatsu
64%
Hid using the name Shutenmaru and leader of Mt. Atama Thieves Ashura Doji
61%
Captain of the Island Ship of Thriller Bark Gecko Moriah
35%
No matching quizzes found
Score Distribution
Percent of People with Each Score
Percentile by Number Answered
Your Score History
You have not taken this quiz